书目信息 |
| 题名: |
新编主持人话题宝典
|
|
| 作者: | 王文丽 编著 | |
| 分册: | ||
| 出版信息: | 北京 中国传媒大学出版社 2012.12 |
|
| 页数: | 13,235页 | |
| 开本: | 26cm | |
| 丛书名: | 青少年播音主持训练系列丛书 | |
| 单 册: | ||
| 中图分类: | G222.2 | |
| 科图分类: | ||
| 主题词: | 主持人--基本知识 , 主持人 | |
| 电子资源: | ||
| ISBN: | 978-7-5657-0523-6 | |
| 000 | 00916oam2 2200277 450 | |
| 001 | 010050012178 | |
| 005 | 20130504153838.10 | |
| 010 | @a978-7-5657-0523-6@dCNY42.00 | |
| 100 | @a20120828d2012 em y0chiy50 ea | |
| 101 | 0 | @achi |
| 102 | @aCN@b110000 | |
| 105 | @ay z 000yy | |
| 106 | @ar | |
| 200 | 1 | @a新编主持人话题宝典@9xin bian zhu chi ren hua ti bao dian@f王文丽[等]编著 |
| 210 | @a北京@c中国传媒大学出版社@d2012.12 | |
| 215 | @a13,235页@d26cm | |
| 225 | 2 | @a青少年播音主持训练系列丛书 |
| 304 | @a编著还有:张雪,王清,杨婧 | |
| 330 | @a本书主要内容包括:经典话题;校园生活;人生感悟;格言警句;社会生活热点;时政话题热点;影视栏目热点;文化娱乐热点等。 | |
| 461 | 0 | @12001 @a青少年播音主持训练系列丛书 |
| 606 | 0 | @a主持人@x基本知识 |
| 606 | 0 | @a主持人 |
| 690 | @aG222.2@v5 | |
| 701 | 0 | @a王文丽@9wang wen li@4编著 |
| 801 | 0 | @aCN@bRENTIAN@c20120828 |
| 905 | @b542806-10@dG222.2@e139@f5 | |
| 新编主持人话题宝典/王文丽[等]编著.-北京:中国传媒大学出版社,2012.12 |
| 13,235页;26cm.-(青少年播音主持训练系列丛书) |
| ISBN 978-7-5657-0523-6:CNY42.00 |
| 本书主要内容包括:经典话题;校园生活;人生感悟;格言警句;社会生活热点;时政话题热点;影视栏目热点;文化娱乐热点等。 |
| ● |
| 相关链接 |
|
|
|
|
正题名:新编主持人话题宝典
索取号:G222.2/139
 
预约/预借
| 序号 | 登录号 | 条形码 | 馆藏地/架位号 | 状态 | 备注 |
| 1 | 542806 | 205428063 | 第一样本阅览室/ [索取号:G222.2/139] | 在馆 | |
| 2 | 542807 | 205428072 | 第四借阅区/ [索取号:G222.2/139] | 在馆 | |
| 3 | 542808 | 205428081 | 第四借阅区/ [索取号:G222.2/139] | 在馆 | |
| 4 | 542809 | 205428090 | 第四借阅区/ [索取号:G222.2/139] | 在馆 | |
| 5 | 542810 | 205428107 | 密集书库-文学院/ [索取号:G222.2/139] | 在馆 |